Images That Rhyme with 'ALL' Quiz Stats

 Plays Quiz Updated Nov 8, 2017

Score 0/20 Timer 03:00
1 Play Today
% Correct
ball
99.8%
hall
99.2%
fall
97.2%
tall/small
97%
(great) wall
95.4%
call
95.1%
mall
92.6%
crawl
89.5%
shawl
86%
stall
81.8%
% Correct
bawl
78.3%
(Darth) Maul
66.8%
Paul (Rudd)
65.1%
brawl
59.6%
sprawl
54.3%
awl
51.3%
pall
45.9%
Gaul
38.6%
squall
36.9%
yawl
14.7%

You're not logged in!

Compare scores with friends on all Sporcle quizzes.
OR
Log In

Sporcle TV

Today on Sporcle TV


Watch our educational content, quiz creation guides, and fun videos on Sporcle TV.

Show Comments

Extras

Top Quizzes Today


Score Distribution

Your Account Isn't Verified!

In order to create a playlist on Sporcle, you need to verify the email address you used during registration. Go to your Sporcle Settings to finish the process.

Report this User

Report this user for behavior that violates our Community Guidelines.

Details: